Quizzes
Events
Quiz Creation
Community
Videos
Private Events
Remove Ads
Sign In
Join for FREE
Feedback
Dark Mode
Quiz Categories
Sports
Geography
Music
Movies
Television
Just For Fun
Miscellaneous
History
Literature
Language
Science
Gaming
Entertainment
Religion
Holiday
For Kids
Quiz Lab
Recent
Popular Today
Quiz Kudos Today
Editor Picks
Curator Picks
Quizzes by...
Day
Popularity
Type
Ratings
Length
Year
Community
Subscriptions
Recent Discussions
Orange Saloon
Badges
Playlists
Quests
Create
Leaderboards
Showdown
Live 5
Trivia Bingo
Activity
Puzzle Library
Sporcle Events
Private Events
Virtual Trivia
Globe League
Become a Host
Pub Owners
SporcleCon
Opinionation
Our Games
Videos
Blog
Mobile Apps
Partnerships
Remove Ads and Go Orange
Feedback
Sports
Athletes
MLB
NBA
NHL
NFL
Soccer
Sports Teams
WWE
NCAA
Football
Premier League
Basketball
Baseball
Hockey
Golf
Tennis
Cricket
Rugby
Auto Racing
Olympics
World Cup
Sports
Athletes
MLB
NBA
NHL
NFL
Soccer
Sports Teams
WWE
NCAA
Football
Premier League
Basketball
Baseball
Hockey
Golf
Tennis
Cricket
Rugby
Auto Racing
Olympics
World Cup
Random Quiz
Search Sporcle
×
Quiz Lab
Quiz Lab
Sports
Football
Type in answers that appear in a list
Type in answers that appear in a list
Classic
Best Score? Go Orange.
Lions quarterbacks Stats
Can you name the Quarterbacks who have started for the lions since Bobby Layne?
By
awesomark
10m
38 Questions
356 Plays
356 Plays
356 Plays
Comments
Comments
Give Quiz Kudos
Give Quiz Kudos
-
- Ratings
hide this ad
Replay
Link that replays current quiz
Next Quiz
Link to next quiz in quiz playlist
You Got
0%
They Got
Avg Score
27%
Avg Friend Score
Upgrade to see
Score Distribution
Jump to the score distribution portion of the page
Score
0/38
Timer
10:00
0
Plays Today
games started
QB
% Correct
55
Joey Harrington
81.1%
4
Matthew Stafford
80%
36
John Kitna
74.6%
57
Scott Mitchell
71%
7
Daunte Culpepper
68.7%
46
Charlie Batch
54.6%
47
Rodney Peete
53.5%
6
Andre Ware
53.2%
15
Erik Kramer
47.9%
7
Dan Orlovsky
47.9%
7
MIke McMahon
38.6%
5
Jeff Garcia
33%
57
Eric Hipple
29%
52
Gary Danielson
28.2%
84
Greg Landry
27.9%
21
Chuck Long
26.2%
7
Dave Krieg
25.6%
6
Gus Frerotte
20.8%
1
Stoney Case
16.1%
games started
QB
% Correct
4
Ty Detmer
16.1%
2
Dan Majkowski
12.7%
51
Milt Plum
11.5%
48
Bill Munson
10.7%
16
Jeff Komlo
9.9%
5
Joe Ferguson
9.3%
11
Bob Gagliano
8.7%
27
Earl Morrall
7%
23
Tobin Rote
6.5%
9
Rusty Hilger
6.5%
2
Frank Reich
4.8%
12
Joe Reed
4.2%
16
Karl Sweetan
4.2%
1
John Witkowski
2.5%
18
Jim Ninowski
2.3%
3
Todd Hons
2.3%
3
George Izo
1.1%
1
Jerry Golsteyn
0.8%
5
Tom Dublinski
0.8%
Quiz Playlist
Details
Report
Send in Message
Add To Playlist
Classic:
Type in answers that appear in a list
Quiz Source
Last Updated: Feb 16, 2017
Quiz Scoreboard
CHALLENGE
Sign Up to Join the Scoreboard
Show All
Scores
Hide
Comments
May contain spoilers
Recently Published
Click the 1999 NBA Draft
by nibperrychub
Sports
2m
Alphabetical 'K' Countries by Flag Minefield
by ylime102
Geography
3m
Pick 6: Fruits
by JohnFran
Miscellaneous
15s
More to Explore
Quiz From the Vault
Featured Blog Post
15 Basketball Trivia Facts You Can Be March Mad About
hide this ad
You Might Also Like...
Tags
Football Quiz
NFL Quiz
Detroit Lions
lion
Quarterbacks
Started
Today's Top Quizzes in Sports
Browse Sports
hide this ad
Today's Top Quizzes in Football
Browse Football
Top Contributed Quizzes in Sports
1
Les joueurs à 100 buts en Ligue 1 Uber Eats
2
Pick 6: NFL Teams
3
2022 World Cup Stars
4
MLB 2 truths and a lie: Hall of Fame pitchers
5
Millionaire: NBA Finals Edition
6
Pick 6: Minor League Baseball
7
Criteria MLB: Left Handed Sluggers
8
Click the 1998 NBA Draft
9
Pick 6: Olympics
10
Don't Strike Out: 3000 Strikeouts
Explore More
Trending Topics
Kpop
NBA
Crossword
Harry Potter
Anime
Marvel
Disney
WWE
NFL
Pokémon
The Office
Song
Soccer
Puzzle
Country
hide this ad
More By:
awesomark
Quiz
Plays
Rating
Category
Featured
Created
Top 200 Career MLB hits
5,254
3.41
Sports
Jun 28, 2010
200 win pitchers
1,588
5.00
Sports
Oct 12, 2009
MLB: Top 10 pitcher wins for each franchise
1,504
4.14
Sports
Jun 8, 2011
Game of Thrones Young Actor Slideshow
1,471
4.83
Television
Jul 21, 2015
US cities with more than 500,000 people
560
4.50
Geography
Jul 23, 2013
Go to Creator's Profile
Score Distribution
Quiz Creator Spotlight
awesomark
Follow
Send a Message
Quizzes Created
-
Created Quiz Play Count
-
More By This Creator
Popular Quizzes Today
1
Countries of Asia Without Outlines Minefield
2
Find the US States - No Outlines Minefield
3
Pick 6: Fruits
4
Alphabetical 'K' Countries by Flag Minefield
5
The Countries of the World
6
Find the US States
7
Find the Countries of Europe - No Outlines Minefield
8
US States
More Sports Quizzes
Name the Midlands Premier League Teams
Published
Trending Quizzes
Pick 6: Mountains
Pick 6: Harry Potter
Pick 6: Flags
Pick 6: NFL Teams
Pick 6: Movie Franchises
Recently Updated
NWSL Teams
pecheneg
Women's Final Four Teams by Year
bhenderson79
Presidents Quartet II
eogle
Anything But Clue(do)
eogle
Anything But Oceanian Capitals
eogle
Anything But 7
eogle
Anything But Thing
eogle
Word Ladder: February 29
pecheneg
Song Title Questions
pecheneg
Women's NCAA Tournament #1 Seeds
pecheneg
Trending Topics
Anime
Harry Potter
Marvel
NBA
Disney
Kpop
Crossword
NFL
Puzzle
WWE
The Office
Soccer
Song
Pokémon
Country
Your Account Isn't Verified!
In order to create a playlist on Sporcle, you need to verify the email address you used during registration. Go to your
Sporcle Settings
to finish the process.
Report this User
Report this user for behavior that violates our
Community Guidelines
.
Details:
Send Report
Go to the Sporcle.com Mobile Site →
Comments